MARC details
| 000 -LEADER |
| campo de control de longitud fija |
02641cam a2200397 a 4500 |
| 001 - NÚMERO DE CONTROL |
| campo de control |
16943220 |
| 003 - IDENTIFICADOR DE NÚMERO DE CONTROL |
| campo de control |
BJBSDDR |
| 005 - FECHA Y HORA DE LA ÚLTIMA TRANSACCIÓN |
| campo de control |
20240123120912.0 |
| 007 - CAMPO FIJO DE DESCRIPCIÓN FÍSICA--INFORMACIÓN GENERAL |
| campo de control de longitud fija |
ta |
| 008 - DATOS DE LONGITUD FIJA--INFORMACIÓN GENERAL |
| campo de control de longitud fija |
110901s2012 dcua b 101 0 eng |
| 010 ## - NÚMERO DE CONTROL DE LA BIBLIOTECA DEL CONGRESO |
| Número de control de LC |
2011036279 |
| 016 7# - NÚMERO DE CONTROL DE UNA AGENCIA BIBLIOGRÁFICA NACIONAL |
| Número de control del registro |
016077808 |
| Fuente |
Uk |
| 020 ## - NÚMERO INTERNACIONAL ESTÁNDAR DEL LIBRO |
| Número Internacional Estándar del Libro |
9781589018884 (pbk. : alk. paper) |
| 020 ## - NÚMERO INTERNACIONAL ESTÁNDAR DEL LIBRO |
| Número Internacional Estándar del Libro |
1589018885 (pbk. : alk. paper) |
| 035 ## - NÚMERO DE CONTROL DEL SISTEMA |
| Número de control de sistema |
(OCoLC)ocn747534366 |
| 040 ## - FUENTE DE CATALOGACIÓN |
| Centro catalogador/agencia de origen |
DLC |
| Centro/agencia transcriptor |
DLC |
| Centro/agencia modificador |
BTCTA |
| -- |
YDXCP |
| -- |
BDX |
| -- |
CLE |
| -- |
CDX |
| -- |
BWX |
| -- |
YUS |
| -- |
UKMGB |
| -- |
DLC |
| Lengua de catalogación |
eng |
| 041 ## - CÓDIGO DE IDIOMA |
| Código de lengua del texto/banda sonora o título independiente |
eng |
| 042 ## - CÓDIGO DE AUTENTICACIÓN |
| Código de autenticación |
pcc |
| 050 14 - SIGNATURA TOPOGRÁFICA DE LA BIBLIOTECA DEL CONGRESO |
| Número de clasificación |
JZ 6392 |
| Número de ítem |
E84 2012 |
| 082 00 - NÚMERO DE LA CLASIFICACIÓN DECIMAL DEWEY |
| Número de clasificación |
172/.42 |
| 245 00 - MENCIÓN DEL TÍTULO |
| Título |
Ethics beyond war's end / |
| Mención de responsabilidad, etc. |
Eric Patterson, editor. |
| 260 ## - PUBLICACIÓN, DISTRIBUCIÓN, ETC. |
| Lugar de publicación, distribución, etc. |
Washington, DC : |
| Nombre del editor, distribuidor, etc. |
Georgetown University Press, |
| Fecha de publicación, distribución, etc. |
c2012. |
| 300 ## - DESCRIPCIÓN FÍSICA |
| Extensión |
x, 246 pages : |
| Otras características físicas |
illustrations ; |
| Dimensiones |
23 cm. |
| 500 ## - NOTA GENERAL |
| Nota general |
Rev. essays from a conference held in Apr. 2010 at Georgetown University. |
| 504 ## - NOTA DE BIBLIOGRAFÍA, ETC. |
| Nota de bibliografía, etc. |
Includes bibliographical references and index. |
| 505 0# - NOTA DE CONTENIDO CON FORMATO |
| Nota de contenido con formato |
Preface Introduction: Eric Patterson1. Moral Responsibility after Conflict: The Idea of Jus Post Bellum for the Twenty-First CenturyJames Turner Johnson2. The Aftermath of War: Reflections on Jus Post BellumMichael Walzer3. Jus Ante and Post Bellum: Completing the Circle, Breaking the CycleGeorge R. Lucas Jr.4. In My Beginning Is My EndRobert Royal5. A More Perfect Peace: Jus Post Bellum and the Quest for Stable PeaceRobert E. Williams Jr.6. Ethics in the Times of WarPauletta Otis7. Just War and an Ethics of ResponsibilityJean Bethke Elshtain8. Ending the US Civil War Well: Reconciliation and Transitional JusticeDavid A. Crocker9. Justice After War: Towards a New Geneva ConventionBrian Orend 10. "Just Peace:" An Elusive IdealMark Evans Conclusion: Toward a Twenty-First Century Jus Post BellumEric Patterson Contributors Index |
| 520 ## - RESUMEN, ETC. |
| Sumario, etc. |
The wars in Afghanistan and Iraq have focused new attention on a perennial problem: how to end wars well. What ethical considerations should guide war's settlement and its aftermath? In cases of protracted conflicts, recurring war, failed or failing states, or genocide and war crimes, is there a framework for establishing an enduring peace that is pragmatic and moral? |
| 650 #0 - PUNTO DE ACCESO ADICIONAL DE MATERIA--TÉRMINO DE MATERIA |
| Término de materia o nombre geográfico como elemento de entrada |
War |
| Subdivisión general |
Moral and ethical aspects. |
| 650 #4 - PUNTO DE ACCESO ADICIONAL DE MATERIA--TÉRMINO DE MATERIA |
| Término de materia o nombre geográfico como elemento de entrada |
Guerra |
| Subdivisión general |
Aspectos morales y éticos |
| 9 (RLIN) |
33983 |
| 650 #0 - PUNTO DE ACCESO ADICIONAL DE MATERIA--TÉRMINO DE MATERIA |
| Término de materia o nombre geográfico como elemento de entrada |
Just war doctrine. |
| 650 #4 - PUNTO DE ACCESO ADICIONAL DE MATERIA--TÉRMINO DE MATERIA |
| Término de materia o nombre geográfico como elemento de entrada |
Doctrina de la guerra justa |
| 9 (RLIN) |
3463 |
| 700 1# - ENTRADA AGREGADA--NOMBRE PERSONAL |
| Nombre de persona |
Patterson, Eric, |
| Fechas asociadas al nombre |
1971- |
| 9 (RLIN) |
31947 |
| Término indicativo de función/relación |
editor |
| 906 ## - ELEMENTOS DE DATOS F LOCAL, LDF (RLIN) |
| a |
7 |
| b |
cbc |
| c |
orignew |
| d |
1 |
| e |
ecip |
| f |
20 |
| g |
y-gencatlg |
| 942 ## - ELEMENTOS DE ENTRADA SECUNDARIOS (KOHA) |
| Fuente del sistema de clasificación o colocación |
Clasificación de Library of Congress |
| Tipo de ítem Koha |
Libro |